Подробности
| 000 -МАРКЕР |
| контрольное поле |
02340nam0a2200373 4500 |
| 001 - ИДЕНТИФИКАТОР ЗАПИСИ |
| контрольное поле |
RU\NLR\bibl\1309876 |
| 005 - ИДЕНТИФИКАТОР ВЕРСИИ |
| контрольное поле |
20260407184957.0 |
| 010 ## - МЕЖДУНАРОДНЫЙ СТАНДАРТНЫЙ НОМЕР КНИГИ (ISBN) |
| Номер (ISBN) |
978-5-7786-0302-8 |
| Тираж |
150 |
| 021 ## - НОМЕР ГОСУДАРСТВЕННОЙ РЕГИСТРАЦИИ |
| Код страны |
Российская Федерация |
| Номер |
2008-87327 |
| Номер Листа государственной регистраци |
5097 |
| 035 ## - ДРУГИЕ СИСТЕМНЫЕ НОМЕРА |
| Идентификатор записи |
(NLR Aleph) 001295341 |
| 100 ## - ДАННЫЕ ОБЩЕЙ ОБРАБОТКИ |
| Данные общей обработки |
20081218d2008 |||y0rusy50 ca |
| 101 0# - ЯЗЫК РЕСУРСА |
| Язык текста, звукозаписи и т.д. |
русский |
| 102 ## - СТРАНА ПУБЛИКАЦИИ ИЛИ ПРОИЗВОДСТВА |
| Страна публикации |
Российская Федерация |
| 105 ## - ПОЛЕ КОДИРОВАННЫХ ДАННЫХ: ТЕКСТОВЫЕ МАТЕРИАЛЫ, МОНОГРАФИЧЕСКИЕ |
| Кодированные данные о монографическом текстовом документе |
y ||||||||| |
| 200 1# - ЗАГЛАВИЕ И СВЕДЕНИЯ ОБ ОТВЕТСТВЕННОСТИ |
| Основное заглавие |
XII региональная конференция молодых исследователей Волгоградской области |
| Сведения, относящиеся к заглавию |
13 ноября 2007 г |
| Первые сведения об ответственности |
[редкол.: к.э.н. С.Б. Левинсон (пред.) и др.] |
| 210 ## - ПУБЛИКАЦИЯ, РАСПРОСТРАНЕНИЕ И ДР. |
| Место издания, распространения и т.д. |
Волгоград |
| Имя издателя, распространителя и т. д. |
Волгоградская академия государственной службы |
| Дата издания, распространения и т.д. |
2008 |
| 215 ## - ФИЗИЧЕСКАЯ ХАРАКТЕРИСТИКА |
| Специфическое обозначение материала и объем |
271 с. |
| Размеры |
20 |
| 300 ## - ОБЩИЕ ПРИМЕЧАНИЯ |
| Текст примечания |
В надзаг.: Федер. агентство по образованию, Федер. гос. образоват. учреждение высш. проф. образования "Волгоград. акад. гос. службы" |
| 320 ## - ПРИМЕЧАНИЯ О НАЛИЧИИ В ДОКУМЕНТЕ БИБЛИОГРАФИИ / УКАЗАТЕЛЯ |
| Текст примечания |
Библиогр. в подстроч. примеч. и в конце отд. докл. |
| 532 11 - РАСШИРЕННОЕ ЗАГЛАВИЕ |
| Заглавие |
Двенадцатая региональная конференция молодых исследователей Волгоградской области |
| Язык заглавия |
русский |
| 606 1# - НАИМЕНОВАНИЕ ТЕМЫ КАК ПРЕДМЕТ |
| Наименование темы |
Политические науки |
| Формальный подзаголовок |
Съезды, совещания и т.п. |
| Географический подзаголовок |
Российская Федерация |
| Системный номер авторитетной/нормативной записи |
2345566 |
| Идентификатор авторитетной/нормативной записи |
RU\NLR\auth\661401714 |
| 606 1# - НАИМЕНОВАНИЕ ТЕМЫ КАК ПРЕДМЕТ |
| Наименование темы |
Социология |
| Формальный подзаголовок |
Съезды, совещания и т.п. |
| Географический подзаголовок |
Россия |
| Хронологический подзаголовок |
20 - 21 вв. |
| Системный номер авторитетной/нормативной записи |
1565554 |
| Идентификатор авторитетной/нормативной записи |
RU\NLR\auth\66985323 |
| 606 1# - НАИМЕНОВАНИЕ ТЕМЫ КАК ПРЕДМЕТ |
| Наименование темы |
Муниципальное управление |
| Формальный подзаголовок |
Съезды, совещания и т.п. |
| Географический подзаголовок |
Российская Федерация |
| Системный номер авторитетной/нормативной записи |
2098532 |
| Идентификатор авторитетной/нормативной записи |
RU\NLR\auth\661269465 |
| 686 ## - ИНДЕКСЫ ДРУГИХ КЛАССИФИКАЦИЙ |
| Индекс |
Ф.г(2)я431 |
| 686 ## - ИНДЕКСЫ ДРУГИХ КЛАССИФИКАЦИЙ |
| Индекс |
С51(2Р)я431 |
| 686 ## - ИНДЕКСЫ ДРУГИХ КЛАССИФИКАЦИЙ |
| Индекс |
Х621.011.2я431 |
| 702 #1 - ИМЯ ЛИЦА - ВТОРИЧНАЯ ОТВЕТСТВЕННОСТЬ |
| Код отношения |
Редактор |
| Материалы, к которым относится поле |
rus |
| Графика поля |
Кириллица |
| Начальный элемент ввода |
Левинсон |
| Часть имени, кроме начального элемента ввода |
С. Б. |
| Расширение инициалов личного имени |
Самуил Бениаминович |
| Идентификатор авторитетной/нормативной записи |
RU\NLR\auth\77116644 |
| Системный номер авторитетной/нормативной записи |
99569 |
| 710 12 - НАИМЕНОВАНИЕ ОРГАНИЗАЦИИ - ПЕРВИЧНАЯ ОТВЕТСТВЕННОСТЬ |
| Начальный элемент ввода |
Региональная конференция молодых исследователей Волгоградской области |
| Порядковый номер временной организации и / или порядковый номер ее части |
12 |
| Дата проведения временной организации |
2007 |
| Идентификатор авторитетной/нормативной записи |
RU\NLR\AUTH\8810121199 |
| Системный номер авторитетной/нормативной записи |
740604 |
| 801 #0 - ИСТОЧНИК ЗАПИСИ |
| Страна |
Российская Федерация |
| Организация |
NLR |
| Дата составления |
20081218 |
| Правила каталогизации |
RCR |
| 801 #1 - ИСТОЧНИК ЗАПИСИ |
| Страна |
Российская Федерация |
| Организация |
NLR |
| Дата составления |
20081218 |
| 942 ## - ДОПОЛНИТЕЛЬНЫЕ ЭЛЕМЕНТЫ ЗАПИСИ (АБИС) |
| Тип экземпляра АБИС |
Книга |
| 980 ## - КОЛЛЕКЦИЯ |
| Название коллекции |
Национальная библиография |